[Event "Landsturneringen 2016"]
[Site "Tromstunhallen, Tromsø"]
[Date "2016.07.14"]
[Round "7"]
[White "Moen, Andreas G.R."]
[Black "Forså, Espen"]
[Result "1-0"]
[WhiteElo "2325"]
[BlackElo "2308"]
[PlyCount "57"]
[EventDate "2016.??.??"]

1. d4 d5 2. c4 c6 3. Nc3 e6 4. e4 dxe4 5. Nxe4 Bb4+ 6. Nc3 Nf6 7. Nf3 O-O 8.
Qc2 c5 9. a3 Ba5 10. dxc5 e5 11. Be3 e4 12. Rd1 Qe7 13. Nd4 Bxc3+ 14. Qxc3 Ng4
15. Bf4 Qf6 16. Ne2 Qg6 17. h3 Nf6 18. Be3 Nc6 19. g4 Re8 20. Nf4 Qg5 21. Ne6
Qe5 22. Qxe5 Nxe5 23. Nc7 Nf3+ 24. Ke2 Be6 25. b3 a5 26. a4 Rac8 27. Nxe8 Rxe8
28. Bg2 Nh4 29. Rhg1 
1-0

[Event "Landsturneringen 2016"]
[Site "Tromstunhallen, Tromsø"]
[Date "2016.07.14"]
[Round "7"]
[White "Hole, Øystein"]
[Black "Devereaux, Maxim L"]
[Result "1/2-1/2"]
[WhiteElo "2332"]
[BlackElo "2365"]
[PlyCount "71"]
[EventDate "2016.??.??"]

1. Nf3 c5 2. c4 Nc6 3. Nc3 Nf6 4. g3 d5 5. d4 cxd4 6. Nxd4 dxc4 7. Nxc6 Qxd1+
8. Kxd1 bxc6 9. Bg2 Bb7 10. e4 e6 11. f3 Bc5 12. Kc2 Nd7 13. Nd1 Bd4 14. Ne3
Ba6 15. Rd1 c5 16. Bf1 Ne5 17. f4 Nd3 18. Nxc4 Nb4+ 19. Kb1 O-O 20. a3 Nc6 21.
Na5 Nxa5 22. Bxa6 Rab8 23. Ra2 Rb6 24. Be2 Nb3 25. Bd2 Rfb8 26. Be1 Kf8 27. Bc4
e5 28. Rd3 f5 29. exf5 e4 30. Rd1 e3 31. Kc2 Nd2 32. Bxd2 Rxb2+ 33. Kd3 Rxa2
34. Bxa2 exd2 35. Rxd2 Rb2 36. Rxb2 
1/2-1/2

[Event "Landsturneringen 2016"]
[Site "Tromstunhallen, Tromsø"]
[Date "2016.07.14"]
[Round "7"]
[White "Kovachev, Daniel Jakobsen"]
[Black "Hobber, Anders"]
[Result "1/2-1/2"]
[WhiteElo "2315"]
[BlackElo "2333"]
[PlyCount "104"]
[EventDate "2016.??.??"]

1. Nf3 d5 2. g3 c6 3. Bg2 Bg4 4. O-O Nd7 5. d3 e6 6. h3 Bh5 7. e4 Bd6 8. Nbd2
Ne7 9. Re1 O-O 10. g4 Bg6 11. e5 Bc7 12. Nf1 c5 13. Bg5 Re8 14. Qe2 Qb8 15. Bh4
Nc6 16. Bg3 f6 17. exf6 gxf6 18. c4 Bxg3 19. Nxg3 Qd6 20. Rad1 Nde5 21. Nxe5
fxe5 22. h4 Rad8 23. g5 Rf8 24. Nh5 Bxh5 25. Qxh5 Qe7 26. a3 a5 27. Re3 Rf4 28.
Rg3 Qg7 29. Bh3 Nd4 30. g6 h6 31. Re1 Rdf8 32. Qxe5 Qxe5 33. Rxe5 Nf3+ 34. Rxf3
Rxf3 35. Bxe6+ Kg7 36. cxd5 Kxg6 37. d6 Kf6 38. Re2 Rxd3 39. d7 Rd6 40. Bh3 Rd8
41. Re8 R8xd7 42. Bxd7 Rxd7 43. Rh8 Kg6 44. Rc8 Rd5 45. Rb8 Rd7 46. Rc8 Rd5 47.
a4 Kh5 48. Rc7 Kxh4 49. Rxb7 Rd4 50. Rb5 Rxa4 51. Rxc5 Rb4 52. Rxa5 Rxb2
1/2-1/2

[Event "Landsturneringen 2016"]
[Site "Tromstunhallen, Tromsø"]
[Date "2016.07.14"]
[Round "7"]
[White "Kjøita, Henning Jakhelln"]
[Black "Haug, Johannes"]
[Result "1-0"]
[WhiteElo "2068"]
[BlackElo "2318"]
[PlyCount "81"]
[EventDate "2016.??.??"]

1. e4 c6 2. d4 d5 3. exd5 cxd5 4. c4 Nf6 5. Nc3 e6 6. a3 Be7 7. Nf3 O-O 8. c5
b6 9. b4 Ne4 10. Bd2 Bf6 11. Bd3 Nxd2 12. Qxd2 a5 13. O-O axb4 14. axb4 Rxa1
15. Rxa1 Nc6 16. b5 Nxd4 17. Nxd4 Bxd4 18. Bxh7+ Kxh7 19. Qxd4 bxc5 20. Qxc5
Bb7 21. Rd1 Qa8 22. Qe7 Kg8 23. Ne2 d4 24. Nf4 Qa4 25. Rb1 Be4 26. Nxe6 Rc8 27.
Rf1 Bd3 28. Re1 Bg6 29. Qd7 Qc4 30. Nxd4 Qc3 31. Nf3 Bh5 32. Re8+ Rxe8 33.
Qxe8+ Kh7 34. Qe1 Qd3 35. Qf1 Qb3 36. Nd2 Qb2 37. Qb1+ Qxb1+ 38. Nxb1 Be2 39.
Nc3 Bc4 40. b6 Ba6 41. Na4 
1-0

[Event "Landsturneringen 2016"]
[Site "Tromstunhallen, Tromsø"]
[Date "2016.07.14"]
[Round "7"]
[White "Mihajlov, Sebastian"]
[Black "Martinsen, Stig K."]
[Result "1-0"]
[WhiteElo "2360"]
[BlackElo "2206"]
[PlyCount "85"]
[EventDate "2016.??.??"]

1. d4 Nf6 2. Nf3 c5 3. d5 g6 4. c4 b5 5. cxb5 a6 6. b6 Qxb6 7. Nc3 d6 8. Nd2
Nbd7 9. e4 Bg7 10. Nc4 Qd8 11. Be2 Nb6 12. Ne3 O-O 13. O-O Rb8 14. a4 Na8 15.
Nc4 Nc7 16. Bf4 Rb4 17. Qd2 Re8 18. Rfd1 Nd7 19. Na2 Rb8 20. Rab1 Nf6 21. f3
Bd7 22. Qc2 Na8 23. e5 Nh5 24. Be3 dxe5 25. Bxc5 Nf4 26. Nc3 Bf5 27. Ne4 Nxd5
28. b4 Nac7 29. Nb6 h6 30. Bc4 Be6 31. Qb3 Rxb6 32. Bxb6 Qb8 33. Bf2 Nf4 34.
Nc5 Bxc4 35. Qxc4 Qc8 36. Rd7 Nce6 37. Qxa6 Ne2+ 38. Qxe2 Nxc5 39. Ra7 Qf5 40.
Rd1 Ne6 41. Qe4 Qh5 42. h4 g5 43. g4 
1-0

[Event "Landsturneringen 2016"]
[Site "Tromstunhallen, Tromsø"]
[Date "2016.07.15"]
[Round "8"]
[White "Urkedal, Frode Olav Olsen"]
[Black "Lie, Kjetil A."]
[Result "0-1"]
[WhiteElo "2557"]
[BlackElo "2520"]
[PlyCount "64"]
[EventDate "2016.??.??"]

1. d4 Nf6 2. c4 g6 3. Nc3 Bg7 4. e4 d6 5. Nf3 O-O 6. h3 Na6 7. Bg5 Qe8 8. Be2
e5 9. d5 Bd7 10. Nd2 Nc5 11. g4 a5 12. Be3 Qc8 13. Rg1 Kh8 14. h4 Ng8 15. g5 f5
16. h5 gxh5 17. Rh1 Ne7 18. Bxc5 dxc5 19. Bxh5 Ra6 20. Qe2 Kg8 21. O-O-O Ng6
22. Bxg6 hxg6 23. exf5 Bxf5 24. Nce4 Qe8 25. Nxc5 e4 26. Nxa6 bxa6 27. c5 e3
28. fxe3 Qa4 29. Qc4 Rb8 30. d6+ Kf8 31. e4 Bxb2+ 32. Kb1 Qxc4 
0-1

[Event "Landsturneringen 2016"]
[Site "Tromstunhallen, Tromsø"]
[Date "2016.07.15"]
[Round "8"]
[White "Hauge, Lars Oskar"]
[Black "Salomon, Johan"]
[Result "0-1"]
[WhiteElo "2386"]
[BlackElo "2458"]
[PlyCount "108"]
[EventDate "2016.??.??"]

1. e4 e6 2. d4 d5 3. Nd2 Nc6 4. Ngf3 Nf6 5. e5 Nd7 6. c3 f6 7. Bb5 fxe5 8. dxe5
Be7 9. O-O O-O 10. Re1 a6 11. Bd3 Nc5 12. Bc2 a5 13. Nb3 b6 14. Nfd4 Nxd4 15.
cxd4 Ne4 16. Bxe4 dxe4 17. Be3 Bb7 18. Qg4 Qd7 19. Red1 Qd5 20. Nc1 Ba6 21. a3
Bc4 22. Ne2 Bxe2 23. Qxe2 a4 24. Rac1 c6 25. Qc2 Rfc8 26. Re1 c5 27. dxc5 Bxc5
28. Qc3 Bxe3 29. Qxc8+ Rxc8 30. Rxc8+ Kf7 31. fxe3 Qd2 32. Rf1+ Kg6 33. Rc6
Qxe3+ 34. Rf2 Qb3 35. Rc3 Qd1+ 36. Rf1 Qd4+ 37. Kh1 h5 38. Re1 Kf5 39. Rc2 Kxe5
40. Rce2 g5 41. h3 Kd5 42. g3 h4 43. gxh4 gxh4 44. Kh2 Qe5+ 45. Kh1 Qf4 46. Kg1
Qg3+ 47. Kh1 Qxh3+ 48. Kg1 Qg3+ 49. Kh1 Qf3+ 50. Kh2 Kd4 51. Rd2+ Ke5 52. Rde2
Kf4 53. Kg1 Qg3+ 54. Kh1 e3 
0-1

[Event "Landsturneringen 2016"]
[Site "Tromstunhallen, Tromsø"]
[Date "2016.07.15"]
[Round "8"]
[White "Djurhuus, Rune"]
[Black "Moen, Andreas G.R."]
[Result "1-0"]
[WhiteElo "2402"]
[BlackElo "2325"]
[PlyCount "82"]
[EventDate "2016.??.??"]

1. d4 d5 2. c4 c6 3. Nf3 Nf6 4. Nc3 e6 5. e3 Nbd7 6. Qc2 Bd6 7. Bd3 O-O 8. O-O
dxc4 9. Bxc4 b5 10. Bd3 Bb7 11. e4 e5 12. dxe5 Nxe5 13. Nxe5 Bxe5 14. h3 Rc8
15. Be3 c5 16. Bxb5 Bxc3 17. Qxc3 Nxe4 18. Qe5 Qd6 19. Qxd6 Nxd6 20. Bd3 c4 21.
Be2 c3 22. bxc3 Rxc3 23. Rfc1 Ne4 24. Bf3 Rxc1+ 25. Rxc1 f5 26. Rc7 Rf7 27.
Rxf7 Kxf7 28. Bxa7 Ke6 29. Bd4 g6 30. Be2 Kd5 31. Bg7 Kc5 32. a3 Bd5 33. f3 Nd2
34. Kf2 Nc4 35. h4 Kc6 36. a4 Kc5 37. Bf8+ Kb6 38. Bb4 f4 39. Bd3 Ne3 40. a5+
Kc7 41. Bd2 Kb7 
1-0

[Event "Landsturneringen 2016"]
[Site "Tromstunhallen, Tromsø"]
[Date "2016.07.15"]
[Round "8"]
[White "Kjøita, Henning Jakhelln"]
[Black "Christiansen, Johan-Sebastian"]
[Result "0-1"]
[WhiteElo "2068"]
[BlackElo "2411"]
[PlyCount "64"]
[EventDate "2016.??.??"]

1. e4 e6 2. d4 d5 3. e5 c5 4. c3 Nc6 5. f4 Qb6 6. Nf3 Nh6 7. Bd3 cxd4 8. cxd4
Bd7 9. Bc2 Nb4 10. O-O Nxc2 11. Qxc2 Nf5 12. Rd1 Rc8 13. Qf2 h5 14. Nc3 Be7 15.
g3 Rc4 16. h3 Bb4 17. Rd3 h4 18. g4 Ng3 19. Nd2 Rc7 20. Kh2 O-O 21. Nf3 Qa6 22.
Re3 Nf1+ 23. Kg1 Nxe3 24. Qxe3 Bxc3 25. bxc3 Rfc8 26. Bd2 Qa3 27. Rf1 Bb5 28.
f5 Bxf1 29. f6 Rxc3 30. Bxc3 Rxc3 31. Qg5 g6 32. Nxh4 Bd3 
0-1

[Event "Landsturneringen 2016"]
[Site "Tromstunhallen, Tromsø"]
[Date "2016.07.15"]
[Round "8"]
[White "Devereaux, Maxim L"]
[Black "Getz, Nicolai"]
[Result "1-0"]
[WhiteElo "2365"]
[BlackElo "2461"]
[PlyCount "109"]
[EventDate "2016.??.??"]

1. d4 Nf6 2. c4 e6 3. Nf3 b6 4. g3 Bb7 5. Bg2 Be7 6. O-O O-O 7. Nc3 d5 8. Ne5
Nbd7 9. Qa4 c6 10. Nxc6 Bxc6 11. Qxc6 Rc8 12. Qb5 Rxc4 13. e3 Qc7 14. a3 Rc8
15. Bd2 Qb7 16. Rfc1 a6 17. Qb3 b5 18. Bf1 R4c7 19. Na2 Nb6 20. Rxc7 Rxc7 21.
Ba5 Rc8 22. Bxb6 Qxb6 23. a4 Ne4 24. axb5 Nd2 25. Qd3 Nxf1 26. Kxf1 axb5 27.
Nc3 Rb8 28. h4 h5 29. Ne2 g6 30. Rc1 Bd6 31. Kg2 Kf8 32. Ng1 Rb7 33. Nf3 Rc7
34. Rxc7 Bxc7 35. Qa3+ Bd6 36. Qa8+ Kg7 37. Qe8 Qb8 38. Qd7 Qc7 39. Qxb5 Qc2
40. Qd7 Bb4 41. Ng5 Qf5 42. Qb5 Be7 43. Nf3 Qe4 44. Qb8 f6 45. b4 g5 46. hxg5
fxg5 47. Qc7 Kf7 48. Qe5 Qxe5 49. Nxe5+ Ke8 50. b5 Kd8 51. Nc6+ Kd7 52. Nxe7
Kxe7 53. g4 h4 54. f4 e5 55. fxg5 
1-0

[Event "Landsturneringen 2016"]
[Site "TromsÃ¸"]
[Date "2016.07.15"]
[Round "?"]
[White "GrÃ¸nn, Atle"]
[Black "Hole, Ã~ystein"]
[Result "1/2-1/2"]
[WhiteElo "2327"]
[BlackElo "2332"]
[PlyCount "37"]
[EventDate "2016.??.??"]

1. Nf3 d5 2. g3 Nf6 3. Bg2 c6 4. d3 Bf5 5. Nh4 Bc8 6. O-O e5 7. c4 dxc4 8. dxc4
Qxd1 9. Rxd1 Be6 10. b3 Be7 11. Bb2 Nfd7 12. Nf3 f6 13. Nc3 Na6 14. Ne4 O-O-O
15. Ne1 Ndc5 16. Nxc5 Nxc5 17. Ba3 Rhe8 18. Rxd8+ Kxd8 19. Rd1+ 
1/2-1/2

[Event "Landsturneringen 2016"]
[Site "Tromstunhallen, Tromsø"]
[Date "2016.07.15"]
[Round "8"]
[White "Hobber, Anders"]
[Black "Mihajlov, Sebastian"]
[Result "1/2-1/2"]
[WhiteElo "2333"]
[BlackElo "2360"]
[PlyCount "48"]
[EventDate "2016.??.??"]

1. d4 Nf6 2. Nf3 g6 3. Bf4 Bg7 4. e3 d6 5. h3 O-O 6. Be2 c5 7. c3 b6 8. O-O Bb7
9. a4 a6 10. Qb3 Nbd7 11. Na3 Qc7 12. Bh2 Bc6 13. Rac1 Qb7 14. c4 d5 15. Rfd1
cxd4 16. exd4 dxc4 17. Nxc4 Bh6 18. Ne3 e6 19. Ne5 Nxe5 20. Bxe5 Nd7 21. Rxc6
Qxc6 22. Bf3 Qc8 23. Bxa8 Qxa8 24. Ng4 Bg7 
1/2-1/2

[Event "Landsturneringen 2016"]
[Site "Tromstunhallen, Tromsø"]
[Date "2016.07.15"]
[Round "8"]
[White "Risting, Eivind Olav"]
[Black "Kovachev, Daniel Jakobsen"]
[Result "1-0"]
[WhiteElo "2376"]
[BlackElo "2315"]
[PlyCount "77"]
[EventDate "2016.??.??"]

1. e4 c5 2. Ne2 Nc6 3. Nbc3 g6 4. d4 cxd4 5. Nxd4 Bg7 6. Be3 Nf6 7. Be2 O-O 8.
O-O d5 9. Nxc6 bxc6 10. e5 Nd7 11. f4 f6 12. Nxd5 fxe5 13. c3 Kh8 14. Nb4 exf4
15. Rxf4 Rxf4 16. Bxf4 Bb7 17. Qd2 c5 18. Nd5 Nb6 19. Nc7 Qxd2 20. Bxd2 Rc8 21.
Ne6 Bf6 22. a4 Bd5 23. Nf4 Bb3 24. a5 Na4 25. Ra3 Rb8 26. Bc1 e5 27. Nd5 Bd8
28. c4 Bxa5 29. Bg5 Kg7 30. Bf6+ Kf7 31. Bxe5 Re8 32. Rxb3 Rxe5 33. Rb7+ Kf8
34. Kf2 a6 35. Bd1 Be1+ 36. Kf1 Bh4 37. g3 Rf5+ 38. Kg2 Nxb2 39. Rxb2 
1-0

[Event "Landsturneringen 2016"]
[Site "Tromstunhallen, Tromsø"]
[Date "2016.07.15"]
[Round "8"]
[White "Forså, Espen"]
[Black "Merkesvik, Sondre"]
[Result "1-0"]
[WhiteElo "2308"]
[BlackElo "2263"]
[PlyCount "85"]
[EventDate "2016.??.??"]

1. d4 Nf6 2. c4 g6 3. Nc3 d5 4. cxd5 Nxd5 5. Na4 Bg7 6. e4 Nb6 7. Be3 O-O 8.
Nf3 Bg4 9. Nc5 Qc8 10. Qc2 Rd8 11. Ne5 Bd7 12. Be2 Nc6 13. Ncxd7 Nxd7 14. Nxc6
bxc6 15. Qxc6 Qb8 16. O-O Qxb2 17. Bc4 Qb6 18. Qa4 Rab8 19. Rac1 a5 20. Bb3 Nf6
21. f3 Ne8 22. Rc5 Qb4 23. Rc4 Qb6 24. Bf2 Nd6 25. Rc5 Qb4 26. Rxa5 Qd2 27. Rd1
Qb2 28. e5 Nf5 29. Rc5 Ra8 30. Qc4 e6 31. Rxc7 Bxe5 32. dxe5 Rxd1+ 33. Bxd1
Rxa2 34. Rc8+ Kg7 35. Qc5 Ne7 36. Rd8 h5 37. h4 Kh7 38. Rd7 Kg7 39. Rxe7 Qd2
40. Re8 Kh7 41. Qd4 Qc1 42. Qd8 Rd2 43. Rh8+ 
1-0

[Event "Landsturneringen 2016"]
[Site "Tromstunhallen, Tromsø"]
[Date "2016.07.16"]
[Round "9"]
[White "Lie, Kjetil A."]
[Black "Elsness, Frode"]
[Result "1-0"]
[WhiteElo "2520"]
[BlackElo "2439"]
[PlyCount "51"]
[EventDate "2016.??.??"]

1. c4 e5 2. Nc3 Nf6 3. Nf3 Nc6 4. a3 g6 5. g3 Bg7 6. Bg2 O-O 7. O-O d6 8. d3 h6
9. Nd2 Be6 10. b4 a6 11. Bb2 Qd7 12. Nd5 Bh3 13. e4 Bxg2 14. Kxg2 Nxd5 15. cxd5
Ne7 16. Rc1 Rad8 17. f4 c6 18. dxc6 Nxc6 19. f5 gxf5 20. exf5 Bf6 21. Qh5 Kh7
22. Ne4 Qe7 23. Rxc6 bxc6 24. Bc1 Kg8 25. Qxh6 Bg7 26. f6 
1-0

[Event "Landsturneringen 2016"]
[Site "Tromstunhallen, Tromsø"]
[Date "2016.07.16"]
[Round "9"]
[White "Salomon, Johan"]
[Black "Nilsen, Joachim B."]
[Result "1-0"]
[WhiteElo "2458"]
[BlackElo "2407"]
[PlyCount "41"]
[EventDate "2016.??.??"]

1. Nf3 c5 2. e4 d6 3. c3 Nf6 4. Be2 e6 5. O-O Be7 6. Re1 O-O 7. Bf1 b6 8. d4
Ba6 9. Bxa6 Nxa6 10. Qe2 Qc8 11. Bg5 h6 12. Bh4 Re8 13. Nbd2 d5 14. e5 Nh7 15.
Bxe7 Rxe7 16. Nf1 cxd4 17. Nxd4 Nc5 18. Ng3 Qa6 19. Qg4 Qd3 20. Ngf5 exf5 21.
Nxf5 
1-0

[Event "Landsturneringen 2016"]
[Site "Tromstunhallen, Tromsø"]
[Date "2016.07.16"]
[Round "9"]
[White "Christiansen, Johan-Sebastian"]
[Black "Djurhuus, Rune"]
[Result "1-0"]
[WhiteElo "2411"]
[BlackElo "2402"]
[PlyCount "67"]
[EventDate "2016.??.??"]

1. Nf3 Nf6 2. c4 g6 3. g3 Bg7 4. Bg2 O-O 5. d4 d6 6. O-O Nbd7 7. Nc3 e5 8. b3
Re8 9. e4 exd4 10. Nxd4 a6 11. Be3 Rb8 12. f3 c6 13. Qd2 d5 14. exd5 cxd5 15.
Bf4 Ra8 16. cxd5 Nb6 17. d6 Nfd5 18. Nde2 Be6 19. Rac1 Rc8 20. Ne4 Rxc1 21.
Rxc1 Nd7 22. Rc7 f5 23. Bg5 Qb8 24. Rxd7 Bxd7 25. Qxd5+ Kh8 26. N4c3 Qc8 27.
Qd2 Qc5+ 28. Kf1 b5 29. Be7 b4 30. Nd5 Bb5 31. d7 Rxe7 32. Nxe7 Bxe2+ 33. Qxe2
Qd6 34. Nxg6+ 
1-0

[Event "Landsturneringen 2016"]
[Site "Tromstunhallen, Tromsø"]
[Date "2016.07.16"]
[Round "9"]
[White "Devereaux, Maxim L"]
[Black "Urkedal, Frode Olav Olsen"]
[Result "1-0"]
[WhiteElo "2365"]
[BlackElo "2557"]
[PlyCount "129"]
[EventDate "2016.??.??"]

1. d4 Nf6 2. c4 e6 3. g3 d5 4. Nf3 Be7 5. Bg2 c6 6. O-O O-O 7. Nc3 Nbd7 8. b3
b6 9. Qd3 Ba6 10. Rd1 Qc8 11. e4 b5 12. e5 bxc4 13. Qc2 Ne8 14. Ng5 g6 15. h4
Ng7 16. Bh3 c5 17. dxc5 Qc7 18. b4 Nxe5 19. Bf4 Bxg5 20. hxg5 Nh5 21. Bxe5 Qxe5
22. Qd2 Rad8 23. Re1 Qb8 24. b5 Bc8 25. a4 Qc7 26. c6 Rfe8 27. Rad1 Qa5 28. Qc1
f5 29. Rd4 f4 30. g4 Ng7 31. Bg2 Rf8 32. Bf3 Qb6 33. Qd2 Qc5 34. Kg2 Qe7 35.
Re5 Qd6 36. Re1 Qb4 37. Rb1 Qc5 38. Rh1 Qb4 39. Qe1 Qe7 40. Qe5 Nf5 41. gxf5
Rxf5 42. Qe1 Qxg5+ 43. Kf1 Rdf8 44. Qd2 Re5 45. Ne2 Ref5 46. a5 Qe7 47. b6 Ba6
48. Qb2 Qc5 49. bxa7 Qxc6 50. Nc3 R5f7 51. Qb6 Bb7 52. Kg2 Qc8 53. Re1 Bc6 54.
Bg4 f3+ 55. Kg1 Re8 56. Nxd5 h5 57. Bh3 Rb7 58. Nf6+ Kh8 59. Nxe8 Rxb6 60. axb6
Bxe8 61. Rxe6 Bf7 62. Rxc4 Qxc4 63. a8=Q+ Kg7 64. Re1 Qb4 65. Qe4 
1-0

[Event "Landsturneringen 2016"]
[Site "Tromstunhallen, Tromsø"]
[Date "2016.07.16"]
[Round "9"]
[White "Hauge, Lars Oskar"]
[Black "Forså, Espen"]
[Result "1/2-1/2"]
[WhiteElo "2386"]
[BlackElo "2308"]
[PlyCount "120"]
[EventDate "2016.??.??"]

1. e4 e5 2. Nf3 Nc6 3. Bb5 Nf6 4. d3 Bc5 5. c3 d6 6. O-O O-O 7. Re1 a6 8. Ba4
Ba7 9. h3 Ne7 10. d4 exd4 11. cxd4 d5 12. e5 Ne4 13. Nc3 f5 14. exf6 Nxf6 15.
Bg5 c6 16. Bc2 h6 17. Bf4 Bf5 18. Re2 Nh5 19. Bh2 Ng6 20. Re3 Nhf4 21. Qd2 Qd7
22. Rae1 Bxc2 23. Qxc2 Rae8 24. Qd2 Rxe3 25. Qxe3 Qf5 26. Bxf4 Nxf4 27. Ne5 Qg5
28. g4 Qh4 29. Kh2 Nxh3 30. Ng6 Bb8+ 31. f4 Bxf4+ 32. Qxf4 Rxf4 33. Nxh4 Ng5
34. Kg3 Rxd4 35. Re8+ Kf7 36. Re7+ Kxe7 37. Nf5+ Kf6 38. Nxd4 g6 39. Kf4 h5 40.
gxh5 gxh5 41. Nb3 Ne6+ 42. Kg3 d4 43. Ne4+ Ke5 44. Kf3 b6 45. Nc1 Nf4 46. Ng5
c5 47. Nf7+ Kf6 48. Nd6 Nd5 49. Nd3 Ke6 50. Nc4 Kf5 51. Nd6+ Ke6 52. Nc4 h4 53.
Kg4 Nf6+ 54. Kxh4 b5 55. Nd2 c4 56. Nc5+ Ke5 57. Nxa6 c3 58. Nf3+ Ke4 59. Nxd4
Kxd4 60. bxc3+ Kxc3 
1/2-1/2

[Event "Landsturneringen 2016"]
[Site "Tromstunhallen, Tromsø"]
[Date "2016.07.16"]
[Round "9"]
[White "Moen, Andreas G.R."]
[Black "Grønn, Atle"]
[Result "1/2-1/2"]
[WhiteElo "2325"]
[BlackElo "2327"]
[PlyCount "126"]
[EventDate "2016.??.??"]

1. e4 c5 2. Nf3 e6 3. d4 cxd4 4. Nxd4 a6 5. Nc3 Qc7 6. Bd3 d6 7. f4 Nf6 8. O-O
Nc6 9. Nxc6 bxc6 10. Kh1 Be7 11. Qe2 d5 12. Bd2 O-O 13. Rae1 Re8 14. e5 Nd7 15.
f5 exf5 16. Bxf5 Nf8 17. Bxc8 Qxc8 18. Qf2 Qe6 19. Ne2 Ng6 20. Nd4 Bc5 21. Be3
Qd7 22. Nf3 Bf8 23. Bc5 Re6 24. Bxf8 Rxf8 25. Qb6 Rfe8 26. Qxa6 c5 27. Qa5 Qc6
28. Qc3 h6 29. b3 R8e7 30. h3 Qc7 31. a4 Nxe5 32. Nxe5 Rxe5 33. Rxe5 Rxe5 34.
b4 Re4 35. Qxc5 Qxc5 36. bxc5 Rxa4 37. Rd1 d4 38. c6 Rc4 39. c7 Rxc7 40. Rxd4
Rxc2 41. h4 Kh7 42. Kh2 Kg6 43. Rg4+ Kf6 44. Rf4+ Ke6 45. Rg4 g6 46. Ra4 Re2
47. Kh3 h5 48. Ra5 Re3+ 49. g3 Re2 50. Ra6+ Kf5 51. Ra7 f6 52. Ra4 Ke5 53. Rb4
Rd2 54. Ra4 g5 55. hxg5 fxg5 56. Ra5+ Rd5 57. Ra4 Kf6 58. Ra6+ Kf5 59. Ra4 Re5
60. g4+ hxg4+ 61. Rxg4 Re3+ 62. Rg3 g4+ 63. Kg2 Rxg3+ 
1/2-1/2

[Event "Landsturneringen 2016"]
[Site "Tromstunhallen, Tromsø"]
[Date "2016.07.16"]
[Round "9"]
[White "Getz, Nicolai"]
[Black "Hobber, Anders"]
[Result "1-0"]
[WhiteElo "2461"]
[BlackElo "2333"]
[PlyCount "71"]
[EventDate "2016.??.??"]

1. e4 e6 2. d4 d5 3. Nd2 dxe4 4. Nxe4 Bd7 5. Nf3 Bc6 6. Bd3 Nd7 7. O-O Ngf6 8.
Ned2 Be7 9. c4 O-O 10. Bc2 a5 11. Qe2 Re8 12. Rd1 Qb8 13. Nf1 g6 14. Ng3 b6 15.
Ne5 Nxe5 16. dxe5 Nd7 17. Bf4 Qb7 18. Rxd7 Bxd7 19. Qg4 Bc6 20. Bg5 Qc8 21. Nh5
Qd8 22. Rd1 Bxg5 23. Rxd8 Bxd8 24. Qf4 gxh5 25. Qh6 Bg5 26. Qxg5+ Kf8 27. Bxh7
Red8 28. Qh6+ Ke8 29. h4 Rd1+ 30. Kh2 Rad8 31. Qf6 R1d2 32. Bg6 fxg6 33. Qxe6+
Kf8 34. Qf6+ Ke8 35. Qxc6+ Kf7 36. Qf6+ 
1-0

[Event "Landsturneringen 2016"]
[Site "Tromstunhallen, Tromsø"]
[Date "2016.07.16"]
[Round "9"]
[White "Mihajlov, Sebastian"]
[Black "Risting, Eivind Olav"]
[Result "1-0"]
[WhiteElo "2360"]
[BlackElo "2376"]
[PlyCount "95"]
[EventDate "2016.??.??"]

1. d4 Nf6 2. c4 e6 3. Nc3 Bb4 4. f3 d5 5. a3 Bxc3+ 6. bxc3 O-O 7. e3 c5 8. cxd5
exd5 9. Bd3 Nc6 10. Ne2 Re8 11. O-O Rb8 12. Ng3 b5 13. Re1 a6 14. Bc2 Qc7 15.
dxc5 Nd8 16. Qd3 g6 17. Qd4 Qe7 18. e4 Ne6 19. Qf2 dxe4 20. Nxe4 Nxe4 21. Bxe4
Bb7 22. c6 Ba8 23. a4 Rbc8 24. axb5 axb5 25. Ra7 Qf6 26. Ra6 Qxc3 27. Bd2 Qf6
28. Rc1 Qd4 29. Be3 Qd6 30. Qa2 Nc7 31. Ra7 Ne6 32. Rd7 Qe5 33. Rd5 Qb8 34. Rd7
Qe5 35. Bf2 Qg5 36. Rc2 h5 37. Rd5 Qf4 38. Rxb5 h4 39. g3 hxg3 40. hxg3 Qf6 41.
Kg2 Nd8 42. Rb6 Ne6 43. Ra6 Nc7 44. Ra7 Nb5 45. Rxf7 Qxf7 46. Bd5 Nd6 47. Bxf7+
Nxf7 48. Qd5 
1-0

[Event "Landsturneringen 2016"]
[Site "Tromstunhallen, Tromsø"]
[Date "2016.07.16"]
[Round "9"]
[White "Hole, Øystein"]
[Black "Haug, Johannes"]
[Result "1/2-1/2"]
[WhiteElo "2332"]
[BlackElo "2318"]
[PlyCount "90"]
[EventDate "2016.??.??"]

1. Nf3 f5 2. c4 Nf6 3. Nc3 d6 4. d4 g6 5. g3 Bg7 6. Bg2 O-O 7. O-O Qe8 8. d5
Na6 9. Rb1 Nc5 10. Nd4 a5 11. b3 Bd7 12. a3 c6 13. Bb2 e5 14. dxe6 Nxe6 15.
Nxe6 Qxe6 16. Re1 Rae8 17. e4 fxe4 18. Nxe4 Nxe4 19. Rxe4 Qf5 20. Rf4 Qe6 21.
Rxf8+ Rxf8 22. Bxg7 Kxg7 23. Qd2 Re8 24. Qxa5 Qf5 25. Qc3+ Qe5 26. Qd2 Re7 27.
Rd1 Bf5 28. h3 h5 29. Qxd6 Qxd6 30. Rxd6 Re1+ 31. Kh2 Ra1 32. b4 Rxa3 33. b5
Ra2 34. f3 cxb5 35. cxb5 Rb2 36. g4 hxg4 37. hxg4 Bc8 38. b6 Kf7 39. Kg3 Be6
40. f4 Ke7 41. Rd4 Bxg4 42. Bxb7 Rxb6 43. Kxg4 Rxb7 44. Kg5 Kf7 45. f5 gxf5
1/2-1/2

[Event "Landsturneringen 2016"]
[Site "Tromstunhallen, Tromsø"]
[Date "2016.07.16"]
[Round "9"]
[White "Merkesvik, Sondre"]
[Black "Kjøita, Henning Jakhelln"]
[Result "1-0"]
[WhiteElo "2263"]
[BlackElo "2068"]
[PlyCount "57"]
[EventDate "2016.??.??"]

1. Nf3 c5 2. g3 d5 3. Bg2 Nc6 4. d4 Nf6 5. O-O cxd4 6. Nxd4 e5 7. Nxc6 bxc6 8.
c4 Bb7 9. cxd5 cxd5 10. Bg5 Be7 11. Nc3 e4 12. Qb3 Qb6 13. Rfd1 O-O-O 14. Nb5
Bc6 15. Rac1 Kb7 16. a4 Bc5 17. Rxc5 Qxc5 18. Be3 d4 19. Bxd4 Qd5 20. Qb4 Bxb5
21. axb5 Rd6 22. e3 Ra8 23. Rc1 Rc8 24. Ra1 Ra8 25. Bxf6 Re6 26. Bxg7 f5 27.
Bd4 Ree8 28. Bf1 Rec8 29. b6 
1-0

[Event "Landsturneringen 2016"]
[Site "Tromstunhallen, Tromsø"]
[Date "2016.07.16"]
[Round "9"]
[White "Martinsen, Stig K."]
[Black "Kovachev, Daniel Jakobsen"]
[Result "0-1"]
[WhiteElo "2206"]
[BlackElo "2315"]
[PlyCount "76"]
[EventDate "2016.??.??"]

1. d4 Nf6 2. c4 e6 3. Nf3 d5 4. Nc3 Nbd7 5. cxd5 exd5 6. Bf4 c6 7. h3 Nb6 8. e3
Bf5 9. Be2 Bd6 10. Bxd6 Qxd6 11. Nh4 Be4 12. Qb3 O-O 13. O-O h6 14. Nxe4 Nxe4
15. Qc2 Rae8 16. Bd3 Qd8 17. Nf3 Nd6 18. a4 a5 19. Qc3 Nbc8 20. Ne5 Ne7 21. b4
axb4 22. Qxb4 f6 23. Nf3 Nec8 24. Rab1 Re7 25. Nh4 Rc7 26. Ng6 Re8 27. Rfc1 Qd7
28. Rc2 Ne7 29. Rcb2 Nxg6 30. Bxg6 Rf8 31. Bd3 f5 32. Qd2 Qe6 33. a5 Rcf7 34.
f4 Re8 35. Re1 Kh8 36. Qe2 Rfe7 37. Kf2 Qf6 38. Kg1 Rxe3 
0-1